000 00386 a2200145 4500
999 _c3080
_d3080
020 _a9781412929769
050 _aHD 58.7 BOJ 2008
100 _aBoje, David M
245 _aStorytelling organizations /
_cDavid M boje
264 _aLos Angeles
_bSage
_c2008
300 _avi,279p.
500 _aincludes index
650 _aStorytelling--- organizations
942 _2lcc
_cBK
_h58.7
_iBOJ
_kHD